| 000 | 00686nam a22001937a 4500 | ||
|---|---|---|---|
| 003 | DO-SdBNP | ||
| 005 | 20171127104916.0 | ||
| 008 | 171127b 2004 sp a ||||| |||| 00| 0 spa d | ||
| 020 | _a9977200432 | ||
| 040 |
_aBPMSU _bspa _cBPMSU |
||
| 092 |
_axxxx _bxxxx |
||
| 245 | 0 | 0 |
_a El proceso presupuestario en el sector de salud pública : _b compilación |
| 260 |
_aSan José, Costa Rica : _bInstituto Centroamericano de Administración Pública, _c2004. |
||
| 300 |
_a508 p. : _cil. ; _b21 cm. |
||
| 710 | 1 | 0 | _b Instituto Centroamericano de Administración Pública, ICAP |
| 942 |
_2ddc _cBK |
||
| 945 | _aInventariado 2017/LP | ||
| 956 |
_aLOPEREZ _b10 _c20171127 _h0041 _iBPMSU |
||
| 999 |
_c13114 _d13114 |
||